| 000 | 00729cam a2200253 a 4500 | ||
|---|---|---|---|
| 001 | 13450540 | ||
| 005 | 20180308090924.0 | ||
| 008 | 040106s2003 ne b 001 0 eng d | ||
| 010 | _a 2004267007 | ||
| 020 | _a0750675713 | ||
| 035 | _a(OCoLC)ocm52733960 | ||
| 040 |
_aIPL _cIPL _dTMS _dIXA _dDLC |
||
| 041 | _aeng | ||
| 042 | _alccopycat | ||
| 080 | _a542 ARM | ||
| 082 | 0 | 0 |
_a542 ARM _222 |
| 100 | 1 | _a12 | |
| 101 | _aKIM | ||
| 245 | 1 | 0 | _aPurification of laboratory chemicals. |
| 504 | _aIncludes bibliographical references and index. | ||
| 906 |
_a7 _bcbc _ccopycat _d2 _encip _f20 _gy-gencatlg |
||
| 942 |
_2ddc _cBK |
||
| 999 |
_c44510 _d44510 |
||